000 00920nam a2200241 a 4500
001 54173
003 BD-RjUL
005 20211209080100.0
008 161102s1995 ii ||||| |||| 00| 0 ben d
035 _a(BD-RjUL)54295
040 _aBD-RjUL
_bben
_cBD-RjUL
_dBD-RjUL
041 _aben
082 _223
_a891.44309
_bGUB 1995
100 _aগুপ্ত , ক্ষেত্র
_9136449
245 1 0 _aবাংলা উপন্যাসের ইতিহাস /
_cক্ষেত্র গুপ্ত
250 _a২য় সং.
260 _aকলকাতা :
_bগ্রন্থনিলয়,
_c১৯৯৫
300 _a খণ্ড ;
_c২১ সেমি.
505 0 _aখণ্ড ১ --
650 _aবাংলা উপন্যাস
_xইতিহাস ও সমালোচনা
_9120092
650 _aBengali Fiction
_xHistory & Criticism
_9126365
942 _2ddc
_cBK
999 _c54173
_d54173